Palabras que empiezan con "sobre" - Estadísticas

Estadísticas generales
  • Esta prueba ha sido intentada 2.810 veces
  • La puntuación promedio es 8 de 16
Estadísticas de respuestas
Pista Palabra % Correcto
Exceso de masa corporal Sobrepeso
98%
Tiempo que se está a la mesa después de haber comido Sobremesa
81%
Exceso de un medicamento u otra sustancia Sobredosis
76%
Apodo Sobrenombre
71%
Destacar o distinguirse Sobresalir
64%
Susto, sorpresa Sobresalto
63%
Palabra con acento en la sílaba anterior a la antepenúltima Sobreesdrújula
62%
Que no pertenece al mundo terrenal Sobrenatural
61%
Continuar con vida luego de determinado suceso Sobrevivir
57%
Que excede las posibilidades de los hombres Sobrehumano
51%
Prenda de vestir de cuerpo entero Sobretodo
36%
Soportar los trabajos o molestias Sobrellevar
29%
Que sobra Sobrero
17%
Intimidar, impresionar Sobrecoger
9%
Suceder una cosa después de otra Sobrevenir
9%
Mucho Sobremanera
8%
No se encontraron pruebas coincidentes
Distribución de puntuación
Porcentaje de gente con cada puntuación
Porcentaje por número respondido
Historial de tus puntuaciones
No has intentado esta prueba.